| 000 | 00481nam a2200181 a 4500 | ||
|---|---|---|---|
| 001 | 0341 | ||
| 005 | 20140414132017.0 | ||
| 008 | 040910s19uu xx 00 eng d | ||
| 020 | _a0-590-43604-X | ||
| 050 |
_aTR _bC77 1988 |
||
| 100 | _aWard, Cindy | ||
| 245 |
_aCookie's week / _cCindy Ward ; illustrated by Tomie dePaola. |
||
| 260 |
_aNew York : _bScholastic, _c1988. |
||
| 300 | _ap. ; cm. | ||
| 650 |
_aWeeks _xFiction. |
||
| 650 | _aChildren stories. | ||
| 999 |
_c113394 _d113394 |
||